02058nam a2200397 a 4500001001200000003000800012006001900020007001500039008004100054010001700095015001900112016001800131020002600149020002300175040002100198035002100219050002500240082001600265100002300281245016100304260004800465300002500513500002000538505058800558533015201146650003801298650003101336650002701367650002601394655002901420700002701449700002401476710001701500856012601517999001701643ebr10296357CaPaEBRm u cr cn|||||||||070820s2008 njua s 001 0 eng  z 2007034467 aGBA8042482bnb7 z0144874702Uk z9780470226476 (cloth) z0470226471 (cloth) aCaPaEBRcCaPaEBR a(OCoLC)22850560814aHF5415b.V344 2008eb04a658.8/22221 aVee, Jimmy,d1975-10aGravitational marketingh[electronic resource] :bthe science of attracting customers /cJimmy Vee, Travis Miller, Joel Bauer ; assisted by Jennifer Miller. aHoboken, N.J. :bJohn Wiley & Sons,cc2008. axxxv, 236 p. :bill. aIncludes index.0 aThe laws of gravitational marketing. The power of gravity -- Anatomy of gravitational marketing -- How to be worthy of attraction -- The Newton in all of us -- The object of your attraction -- Increase your gravitational potential -- Creating irresistible attraction -- Gravitational marketing attraction techniques. Activate your gravitational attraction -- Attracting through personal effort -- Attracting through direct mail -- Attracting through print -- Attracting through free publicity -- Attracting through the internet -- Attracting through radio and television -- Epilogue. aElectronic reproduction.bPalo Alto, Calif. :cebrary,d2013.nAvailable via World Wide Web.nAccess may be limited to ebrary affiliated libraries. 0aMarketingxPsychological aspects. 0aMarketingxSocial aspects. 0aConsumersxPsychology. 0aInformation behavior. 7aElectronic books.2local1 aMiller, Travis,d1977-1 aBauer, Joel,d1960-2 aebrary, Inc.40uhttp://site.ebrary.com/lib/rucke/Doc?id=10296357zAn electronic book accessible through the World Wide Web; click to view c77315d77315